| 000 | 00609 a2200229 4500 | ||
|---|---|---|---|
| 003 | CBULib | ||
| 005 | 20240111095158.0 | ||
| 008 | 231012b |||||||| |||| 00| 0 eng d | ||
| 020 | _a9780198868224 | ||
| 040 |
_bEnglish _cCBULib _erda |
||
| 050 | _aB 833 Sch | ||
| 100 | _aSchroeder, Mark | ||
| 245 | _aReasons first | ||
| 260 |
_bOxford University Press, _c2021 _aOxford : |
||
| 300 | _axiii, 274 pages : illustrations | ||
| 336 |
_2rdacontent _aText | |
||
| 337 |
_2rdamedia _aUnmediated | |
||
| 338 |
_2rdacarrier _aVolume |
||
| 650 | 0 |
_9833 _aREASONS |
|
| 650 | 0 |
_aETHICS _9208 |
|
| 942 |
_2lcc _c002 |
||
| 999 |
_c82938 _d82938 |
||